000 00663cab a2200241 4500
001 X748
008 090401t1993 xxu||||| |||| 00| 0 eng d
035 _a(Sirsi) u67313
041 _aeng
100 _aLutz, J.D.
245 _aPlanning repetitive construction : Current practice
260 _c1993
350 _a0
490 _aConstruction Management & Economics
_v11(2) March 1993, 99-110(12)
650 _aBUILT ENVIRONMENT
650 _aLINE OF BALANCE
650 _aLINEAR CONSTRUCTION
650 _aMANAGEMENT-PROJECT MANAGEMENT
690 _aBUILDING AND CONSTRUCTION-PROJECTS
700 _aHijazi, A.
942 _n0
948 _c04/03/1997
999 _c42124
_d42124